Phân lập và định danh một số dòng vi khuẩn nội sinh trên chuối, trồng tại tỉnh Vĩnh Long : Luận văn Thạc sĩ. Chuyên ngành: Sinh thái học

Đề tài giới thiệu sơ lược về vi khuẩn cố định đạm, giới thiệu đặc điểm sinh học, giá trị thực tiễn cây chuối. Vai trò tổng hợp của vi khuẩn cố định đạm lên sự tăng trưởng của cây trồng. Phương pháp, kỹ thuật phân lập vi khuẩn cô...

Volledige beschrijving

Bewaard in:
Bibliografische gegevens
Hoofdauteur: Ngô, Minh Toàn
Formaat: Boek
Taal:Undetermined
Gepubliceerd in: Cần Thơ Trường Đại học Cần Thơ 2010
Onderwerpen:
Tags: Voeg label toe
Geen labels, Wees de eerste die dit record labelt!
Thư viện lưu trữ: Trung tâm Học liệu Trường Đại học Cần Thơ
LEADER 01265nam a2200217Ia 4500
001 CTU_163930
008 210402s9999 xx 000 0 und d
082 |a 579.3 
082 |b T406 
088 |a 60420120 
100 |a Ngô, Minh Toàn 
245 0 |a Phân lập và định danh một số dòng vi khuẩn nội sinh trên chuối, trồng tại tỉnh Vĩnh Long : 
245 0 |b Luận văn Thạc sĩ. Chuyên ngành: Sinh thái học 
245 0 |c Ngô Minh Toàn ; Nguyễn Hữu Hiệp (Hướng dẫn Khoa học) 
260 |a Cần Thơ 
260 |b Trường Đại học Cần Thơ 
260 |c 2010 
520 |a Đề tài giới thiệu sơ lược về vi khuẩn cố định đạm, giới thiệu đặc điểm sinh học, giá trị thực tiễn cây chuối. Vai trò tổng hợp của vi khuẩn cố định đạm lên sự tăng trưởng của cây trồng. Phương pháp, kỹ thuật phân lập vi khuẩn cố định đạm. 
650 |a Microbiology,Nitrogen-fixing bacteria,Vi sinh vật,Vi khuẩn cố định đạm 
904 |i Năm 
980 |a Trung tâm Học liệu Trường Đại học Cần Thơ